Online Catalogue and eLibrary

Sri Lankawe siduwena lama apayojana (Record no. 5049)

MARC details
000 -LEADER
fixed length control field 00427nam a2200157Ia 4500
005 - DATE AND TIME OF LATEST TRANSACTION
control field 20250626023848.0
008 - FIXED-LENGTH DATA ELEMENTS--GENERAL INFORMATION
fixed length control field 240331s9999 xx 000 0 und d
020 ## - INTERNATIONAL STANDARD BOOK NUMBER
ISBN 9789558884430
082 ## - DDC Classification
Item Number - Author Mark COO
Class No. 362
100 ## - MAIN ENTRY--PERSONAL NAME
Personal name Cooray,K.N
245 #0 - TITLE STATEMENT
Title Sri Lankawe siduwena lama apayojana
260 ## - PUBLICATION, DISTRIBUTION, ETC.
Place of publication, distribution, etc. Mirigama
Name of publisher, distributor, etc. Ashirwada Publishers & Printers
Date of publication, distribution, etc. 2007
300 ## - PHYSICAL DESCRIPTION
Extent (e.g. Volumes, Pages etc.) 112 p .,
500 ## - GENERAL NOTE
General note A book of Child abuse in Sri Lanka
942 ## - Koha item type (Biblio)
Koha item type Books in Stacks (Lending)
Holdings
Lost status Damaged status Collection code Home library Current library Shelving location Date acquired Full call number Accession Number Item type
    Lending WERC Library WERC Library Social Science Cupboard 03/31/2024 362.76 COO 6316 Books in Stacks (Lending)

© WERC Library